000 01257aam a2200313 i 4500
999 _c46987
_d46987
001 768714001
003 CO-MdFUSB
005 20200527163808.0
007 ta
008 160826t1986 -usa|||g |||| 00| 0 eng d
020 _a0802808506
040 _aCO-MdFUSB
_bEspañol
_cCO-MdFUSB
_dCO-MdFUSB
_erda
041 _aeng
082 _224
_a233
_bH693c
100 1 _aHoekema, Anthony A.
_eautor
245 0 0 _aCreated in God's image
_c/ Anthony A. Hoekema
264 1 _aGrand Rapids, Michigan :
_bWilliam B. Eerdmans Publishing,
_c[1994]
264 4 _c© 1994
300 _a264 páginas
_c; 23 cm
336 _2rdacontent
_atexto
_btxt
337 _2rdamedia
_asin mediación
_bn
338 _2rdacarrier
_avolumen
_bnc
505 _aLa importancia de la doctrina del hombre - El hombre como una persona creada - La imagen de Dios: Enseñanza bíblica - La imagen de Dios: Estudio histórico - La imagen de Dios: Un repaso teológico - La cuestión de la imagen de sí mismo - El origen del pecado - La propagación del pecado - La naturaleza del pecado - La restricción del pecado - Toda la persona - La cuestión de la libertad
563 _aRústico
650 7 _9251
_aCreación
942 _cBK
945 _aJTF-925